[Event "CAN-ch U14"]
[Site "Quebec"]
[Date "2018.07.04"]
[Round "6.50"]
[White "Zhu, Benjamin"]
[Black "Greco, Justin"]
[Result "0-1"]
[WhiteElo "830"]
[BlackElo "943"]
[PlyCount "56"]
[EventDate "2018.07.02"]
[EventType "swiss"]
[EventRounds "7"]
[EventCountry "CAN"]
[SourceTitle "EXT 2022"]
[Source "ChessBase"]
[SourceDate "2021.10.06"]
[SourceVersion "1"]
[SourceVersionDate "2021.10.06"]
[SourceQuality "1"]

1. e4 e5 2. Nf3 Nc6 3. Bc4 Nf6 4. d3 Bc5 5. 0-0 0-0 6. Bg5 h6 7. Bd2 d6 8. h3 Be6 9. Bxe6 fxe6 10. Nc3 d5 11. Qc1 Kh7 12. Ne2 Nh5 13. a3 Qf6 14. b4 Bd4 15. c3 Bb6 16. Be3 d4 17. cxd4 exd4 18. Nexd4 Nxd4 19. Nxd4 Bxd4 20. Ra2 Rf7 21. Rd2 Raf8 22. Rfd1 Be5 23. Bc5 Nf4 24. Kh1 Qg6 25. g3 Nxh3 26. Bxf8 Nxf2+ 27. Rxf2 Rxf2 28. Rg1 Qh5# 0-1

[Event "CAN-ch U12"]
[Site "Sault Ste Marie"]
[Date "2017.07.07"]
[Round "3.63"]
[White "Craciun, David"]
[Black "Greco, Justin"]
[Result "1-0"]
[WhiteElo "1617"]
[BlackElo "918"]
[PlyCount "39"]
[EventDate "2017.07.06"]
[EventType "swiss"]
[EventRounds "7"]
[EventCountry "CAN"]
[SourceTitle "EXT 2022"]
[Source "ChessBase"]
[SourceDate "2021.10.06"]
[SourceVersion "1"]
[SourceVersionDate "2021.10.06"]
[SourceQuality "1"]

1. d4 d5 2. e3 Nf6 3. Bd3 Nc6 4. c3 Bf5 5. Bxf5 e6 6. Bc2 Bd6 7. f4 0-0 8. Nf3 Ne4 9. 0-0 Re8 10. Nbd2 Nxd2 11. Bxd2 Qd7 12. Ne5 Bxe5 13. fxe5 b6 14. Qh5 g6 15. Qh6 Qe7 16. e4 dxe4 17. Bxe4 Qd7 18. Bg5 f6 19. exf6 Kf7 20. Qg7# 1-0

[Event "CAN-ch U12"]
[Site "Sault Ste Marie"]
[Date "2017.07.07"]
[Round "4.70"]
[White "Greco, Justin"]
[Black "Eirew, David"]
[Result "1-0"]
[WhiteElo "918"]
[BlackElo "678"]
[PlyCount "123"]
[EventDate "2017.07.06"]
[EventType "swiss"]
[EventRounds "7"]
[EventCountry "CAN"]
[SourceTitle "EXT 2022"]
[Source "ChessBase"]
[SourceDate "2021.10.06"]
[SourceVersion "1"]
[SourceVersionDate "2021.10.06"]
[SourceQuality "1"]

1. e4 e5 2. Nf3 Nc6 3. Nc3 Nf6 4. Bc4 d6 5. Ng5 Qe7 6. d3 h6 7. Nxf7 Kd7 8. Nxh8 Qe8 9. Bd5 Nxd5 10. Nxd5 Be7 11. Qg4+ Kd8 12. Nf7+ Qxf7 13. Qg3 Nd4 14. Nb4 d5 15. 0-0 Ne2+ 16. Kh1 Nxg3+ 17. hxg3 Bxb4 18. c3 Bc5 19. Be3 Bxe3 20. fxe3 Qh5+ 21. Kg1 c6 22. Rf8+ Kc7 23. Raf1 Bh3 24. Rxa8 Bxg2 25. Kxg2 Qe2+ 26. Rf2 Qxe3 27. exd5 Qxd3 28. dxc6 Qd5+ 29. Kg1 Qd1+ 30. Rf1 Qg4 31. Kg2 Qe2+ 32. Rf2 Qe4+ 33. Kg1 Qe1+ 34. Kg2 Qe4+ 35. Kf1 Qh1+ 36. Ke2 Qe4+ 37. Kd1 Qd3+ 38. Ke1 Qb1+ 39. Kd2 Qxb2+ 40. Ke3 Qxc3+ 41. Ke2 Qc2+ 42. Kf1 Qc1+ 43. Kg2 Qxc6+ 44. Kh2 e4 45. Raf8 Qd5 46. Rc2+ Kb6 47. Rb2+ Ka6 48. Rc2 Qh5+ 49. Kg2 Qd5 50. Rff2 e3+ 51. Rf3 Qe4 52. Re2 Kb5 53. Rexe3 Qc2+ 54. Rf2 Qc6+ 55. Ref3 g5 56. Rb2+ Ka6 57. Kf2 Qc5+ 58. Re3 Qf5+ 59. Kg2 Qd5+ 60. Kh2 Qd4 61. Ra3+ Qa4 62. Rxa4# 1-0